000 00562nam a2200181Ia 4500
008 090123s9999 xx 000 0 und d
082 _b40413
100 _aखांडेकर वि.स.
245 _aजळलेला मोहर
250 _a3
260 _bमेहता पब्लिशिंग हाऊस
_c2006
300 _a136
600 _aखांडेकर वि.स.
630 _aजळलेला मोहर
700 _aखांडेकर वि.स.
730 _aजळलेला मोहर
942 _cBOOK
999 _c78481
_d78481